| 000 | 00648nam a22002175i 4500 | ||
|---|---|---|---|
| 001 | 171633 | ||
| 003 | ES-MaACL | ||
| 005 | 20230906214702.0 | ||
| 008 | 090525s1968 sp |||| | cat d | ||
| 080 | _a946.71 | ||
| 100 | 1 |
_aSoldevila, Ferran. _9107111 |
|
| 245 | 1 | 0 |
_aQuè cal saber de Catalunya / _cFerran Soldevila. |
| 250 | _a[1ª ed.]. | ||
| 260 |
_aBarcelona : _bClub Editor, _c[1968] |
||
| 300 |
_a244 p. ; _c19 cm. |
||
| 490 | 1 |
_aEl Pi de les Tres Branques ; _v1 |
|
| 651 | 4 |
_aCataluña- _xCultura. _98008 |
|
| 830 | 0 |
_aEl Pi de les Tres Branques ; _v1 _9233399 |
|
| 852 |
_aES-MaACL _jC-51422 _9R.68431 |
||
| 999 |
_c171633 _d171633 |
||